John Williams Movie Scores - Statistics

General Stats
  • This quiz has been taken 359 times
  • The average score is 10 of 44
Answer Stats
Hint Answer % Correct
1977 Star Wars
97%
1981 Raiders of the Lost Ark
78%
1975 Jaws
76%
1982 E.T.
68%
1980 The Empire Strikes Back
66%
1983 Return of the Jedi
65%
2001 Harry Potter and the Sorcerer's Stone
56%
1993 Schindler's List
51%
1984 Temple of Doom
48%
1989 Last Crusade
45%
1978 Superman
36%
1977 Close Encounters of the Third Kind
35%
1998 Saving Private Ryan
32%
1990 Home Alone
29%
2002 Catch Me If You Can
24%
2001 A.I. Artificial Intelligence
19%
1987 Empire of the Sun
19%
2012 Lincoln
19%
2011 War Horse
19%
2005 Munich
15%
2004 Prisoner of Azkaban
15%
2011 The Adventures of Tintin
14%
1997 Amistad
12%
1971 Fiddler on the Roof
12%
1991 JFK
10%
2005 Memoirs of a Geisha
8%
1974 The Towering Inferno
8%
2013 The Book Thief
7%
1989 Born on the Fourth of July
6%
1972 The Poseidon Adventure
6%
1972 Images
5%
1995 Nixon
5%
1995 Sabrina
5%
2000 The Patriot
5%
1969 The Reivers
5%
1987 The Witches of Eastwick
5%
1973 Cinderella Liberty
4%
1967 Valley of the dolls
4%
1999 Angela's Ashes
3%
1969 Goodbye Mr. Chips
3%
1996 Sleepers
3%
1984 The River
3%
1973 Tom Sawyer
3%
1988 The Accidental Tourist
2%
No matching quizzes found
Score Distribution
Percent of People with Each Score
Percentile by Number Answered
Your Score History
You have not taken this quiz